LEADER 01718nam 2200589 450 001 9910460483503321 005 20200520144314.0 010 $a1-78371-157-4 010 $a1-78371-156-6 035 $a(CKB)3710000000354727 035 $a(EBL)3386794 035 $a(SSID)ssj0001550514 035 $a(PQKBManifestationID)16166076 035 $a(PQKBTitleCode)TC0001550514 035 $a(PQKBWorkID)14811042 035 $a(PQKB)11368948 035 $a(MiAaPQ)EBC3386794 035 $a(Au-PeEL)EBL3386794 035 $a(CaPaEBR)ebr11018352 035 $a(CaONFJC)MIL987453 035 $a(OCoLC)904547986 035 $a(EXLCZ)993710000000354727 100 $a20150216h20152015 uy 0 101 0 $aeng 135 $aur|n|---||||| 181 $ctxt 182 $cc 183 $acr 200 10$aBecoming Arab in London $eperformativity and the undoing of identity /$fRamy M.K. Aly 210 1$aLondon, England :$cPluto Press,$d2015. 210 4$d©2015 215 $a1 online resource (272 p.) 225 1 $aAnthropology, Culture and Society 300 $aDescription based upon print version of record. 311 $a0-7453-3358-3 311 $a0-7453-3359-1 320 $aIncludes bibliographical references and index. 410 0$aAnthropology, culture, and society. 606 $aCulture diffusion 606 $aArabs$zEngland$zLondon 608 $aElectronic books. 615 0$aCulture diffusion. 615 0$aArabs 676 $a301.21 700 $aAly$b Ramy M. K.$0901345 801 0$bMiAaPQ 801 1$bMiAaPQ 801 2$bMiAaPQ 906 $aBOOK 912 $a9910460483503321 996 $aBecoming Arab in London$92014712 997 $aUNINA LEADER 04174nam 22006015 450 001 9910253326303321 005 20230810184735.0 010 $a3-319-22252-X 024 7 $a10.1007/978-3-319-22252-3 035 $a(CKB)3710000000476964 035 $a(EBL)4178470 035 $a(DE-He213)978-3-319-22252-3 035 $a(MiAaPQ)EBC4178470 035 $a(PPN)228320178 035 $a(EXLCZ)993710000000476964 100 $a20150919d2016 u| 0 101 0 $aeng 135 $aur|n|---||||| 181 $ctxt$2rdacontent 182 $cc$2rdamedia 183 $acr$2rdacarrier 200 10$aConfidential Informants $eA Closer Look at Police Policy /$fby Jon Shane 205 $a1st ed. 2016. 210 1$aCham :$cSpringer International Publishing :$cImprint: Springer,$d2016. 215 $a1 online resource (126 p.) 225 1 $aSpringerBriefs in Policing,$x2194-6221 300 $aDescription based upon print version of record. 311 $a3-319-22251-1 320 $aIncludes bibliographical references and index. 327 $aPreface -- Foreword I Mary Nicol Bowman -- Foreword II Jennifer Bonjean -- Foreword III Karen L. Amendola -- Introduction -- Background and the Problems Surrounding Confidential Informants -- Literature Review -- Methodology -- Analysis and Findings.-Discussion -- Policy Implications -- Limitations -- Directions for Future Research -- Afterword James M. Doyle.                          . 330 $aWhile confidential informants (CI?s) can play a crucial role in police investigations, they also have the potential to cause great harm if they are dishonest.  The process by which police agencies qualify a CI to work and the strength of agency policy may be the source of the problem.  This Brief examines the integrity problem involving CIs in police operations within the United States, provides an overview of pitfalls and problems related to veracity and informant integrity including the difficulties in detecting when a CI is lying, and compares the provisions of actual published police policy to the model CI policy published by the International Association of Chiefs of Police (IACP).  The analysis shows a wide divergence between actual police policy and the national standard promulgated by the IACP. The Brief provides policy recommendations for improving use of CIs that can potentially reduce or eliminate integrity problems that can lead to organizational accidents such as wrongful arrests and convictions, injuries or deaths.  Some Courts have issued measures to ensure that information received from CIs is reliable by examining sworn testimony and documents related to their work. However, as this Brief explores, this judicial effort arises only after a police operation has taken place, and the use of force ? even deadly force?has already been employed. The author proposes integrity testing beforehand, which would allow police to have a greater understanding of a CI?s motivation, ability and veracity when conducting law enforcement operations. In addition, there are aspects of police policy that can enhance CI management such as training, supervision and entrapment that can further guard against integrity problems. Although integrity testing is not flawless, it does interpose an additional step in the CI management process that can help guard against wrongful conviction and perjury that harms the judicial process. 410 0$aSpringerBriefs in Policing,$x2194-6221 606 $aCriminology 606 $aPsychology$xMethodology 606 $aCivil law 606 $aCriminology 606 $aPsychological Methods 606 $aCivil Law 615 0$aCriminology. 615 0$aPsychology$xMethodology. 615 0$aCivil law. 615 14$aCriminology. 615 24$aPsychological Methods. 615 24$aCivil Law. 676 $a363.252 700 $aShane$b Jon$4aut$4http://id.loc.gov/vocabulary/relators/aut$01061064 801 0$bMiAaPQ 801 1$bMiAaPQ 801 2$bMiAaPQ 906 $aBOOK 912 $a9910253326303321 996 $aConfidential Informants$92535601 997 $aUNINA